000 01009nam a22002775b 4500
005 20180312142011.0
008 140425s1990 sp a gr |||| f|spa
020 _a8434808188
040 _aCO-BoUCM
_bspa
_cJose A. Gerena
_dJose A. Gerena
041 1 _aspa
100 1 _aParker, Alan
_d1944-
_960214
245 1 _aCharcos en el camino
_cAlan Parker ; traducción, Pedro Barbadillo ; ilustraciones y cubierta, Antonio Tello
250 _a11a ed
260 _aMadrid (España)
_bEdiciones SM
_c1990
300 _a192 páginas
_bilustraciones
490 3 _aEl barco de vapor
_pSerie roja
_960215
650 7 _916618
_aGuerra en la literatura
650 7 _918321
_aLectura y libros
650 7 _aLiteratura inglesa
_918689
690 _942863
_aLiteratura europea
700 1 _aBarbadillo, Pedro
_etraductor
_960216
700 1 _aTello, Antonio
_d1951-
_eilustrador
_960217
765 _tPuddles in the lane
942 _a18
_cLIBRO
_e11
_mP238c
_2DEWEY
_h823.914
_n0
999 _c242086
_d242086